000 00613cam a22002053a 4500
001 42603
003 PGUSA
005 20140828083950.0
008 130427s2013||||xxu|||||s|||||000 | eng d
040 _aPGUSA
_beng
042 _adc
100 1 _aMerry, William L.
_q(William Lawrence),
_d1842-1911
245 1 0 _aSan Francisco and the Nicaragua Canal
_h[electronic resource] /
_cWilliam L. Merry
260 _bProject Gutenberg,
_c2013
506 _aPublic domain in the USA.
516 _aElectronic text
830 0 _aProject Gutenberg
_v42603
856 4 0 _uhttp://www.gutenberg.org/ebooks/42603
942 _cEB
999 _c271855
_d271855